00579nam a2200145Ia 4500008004100000050001900041100002700060245009000087260007800177300002000255521003000275942000700305999001900312952010200331140724s9999 xx 000 0 und d aHD 58.7b.N754 aNobuta, Oliver Toru R. aLevel of customer satisfaction of Tea Talk Café Customers /cOliver Toru R. Nobuta. aLas Piñas, Philippines :bSouthville International School and Colleges, a49 p. :c28 cm. aHuman Resource Management cTH c229133d229133 001040aCLbCLcTHESESd2014-07-24l0oHD 58.7 .N754pT0487r2018-05-15 00:00:00w2014-07-24yTH